| 000 | 01211cam a22002413a 4500 | ||
|---|---|---|---|
| 001 | 12094 | ||
| 003 | PGUSA | ||
| 005 | 20140828083244.0 | ||
| 008 | 040401s2004||||xxu|||||s|||||000 | eng d | ||
| 040 |
_aPGUSA _beng |
||
| 042 | _adc | ||
| 050 | 4 | _aPS | |
| 245 | 1 | 0 |
_aO. Henry Memorial Award Prize Stories of 1919 _h[electronic resource] |
| 260 |
_bProject Gutenberg, _c2004 |
||
| 505 | 0 | _aEngland to America. By Montague -- "For they know not what they do." By Steele -- They grind exceeding small. By Williams -- On strike. By Terhune. -- The elephant remembers. By Marshall -- Turkey red. By Wood -- Five thousand dollars reward. By Post -- The blood of the dragon. By Springer -- "Humoresque." By Hurst -- The lubbeny kiss. By Rice. -- The trial in Tom Belcher's store. By Derieux -- Porcelain cups. By Cabell -- The high cost of conscience. By Ravenel -- The kitchen gods. By Alsop -- April 25th, as usual. By Ferber. | |
| 506 | _aPublic domain in the USA. | ||
| 516 | _aElectronic text | ||
| 653 | _aShort stories, American -- Periodicals | ||
| 700 | 1 |
_aWilliams, Blanche Colton, _d1879-1944 |
|
| 830 | 0 |
_aProject Gutenberg _v12094 |
|
| 856 | 4 | 0 | _uhttp://www.gutenberg.org/ebooks/12094 |
| 942 | _cEB | ||
| 999 |
_c241349 _d241349 |
||